00830cam a22002411 4500001001300000003000400013005001700017008004100034010001700075035002000092040005300112042001200165050005000177110002100227240001500248245004900263260006700312300002100379490007600400500001700476650005400493710004100547e 31000009 DLC20260227111220.0880212s1930 nyu l 000 0 eng c ae 31000009  a(OCoLC)17468977 aLibrary, U.S. Office of EducationcCLUdCLUdDLC apremarc00aLAW 1 aNew York (State)00aLaws, etc.00aEducation law as amended to July 1, 1930 ... aAlbany,bThe University of the State of New York Press,c1930. a3-337 p.c23 cm.0 aUniversity of the State of New York bulletin ...vno. 957. Oct. 1, 1930 aCover-title. 0aEducational law and legislationzNew York (State)2 aUniversity of the State of New York.